| Tag |
First Indicator |
Second Indicator |
Subfields |
| LEADER |
00000cam a2200000 a 4500 |
| 001 |
in00000006950 |
| 005 |
20151004070018.0 |
| 008 |
871130s1987 waua b 10100 eng d |
| 010 |
|
|
|a 87062552
|
| 020 |
|
|
|a 0892528583 (pbk.) :
|c $36.55
|
| 035 |
|
|
|a (OCoLC)17152101
|
| 035 |
|
|
|9 AAA1411AM
|
| 040 |
|
|
|a SCT
|c SCT
|d NAG
|d TXA
|d UtOrBLW
|
| 049 |
|
|
|a TXAM
|c [A12584009]
|
| 050 |
|
4 |
|a TJ812.7
|b .O685 1987
|
| 245 |
0 |
0 |
|a Optical materials technology for energy efficiency and solar energy conversion VI :
|b 18-19 August 1987, San Diego, California /
|c Carl M. Lampert, chair/editor ; sponsored by SPIE--The International Society for Optical Engineering ; cooperating organizations, International Solar Energy Society, U.S. Department of Energy/Office of Solar Heat Technologies.
|
| 264 |
|
1 |
|a Bellingham, Wash :
|b SPIE,
|c [1987]
|
| 264 |
|
4 |
|c ©1987
|
| 300 |
|
|
|a vi, 267 pages :
|b illustrations ;
|c 28 cm.
|
| 336 |
|
|
|a text
|b txt
|2 rdacontent
|
| 337 |
|
|
|a unmediated
|b n
|2 rdamedia
|
| 338 |
|
|
|a volume
|b nc
|2 rdacarrier
|
| 490 |
1 |
|
|a Proceedings of SPIE--The International Society for Optical Engineering ;
|v v. 823
|
| 504 |
|
|
|a Includes bibliographical references and author index.
|
| 650 |
|
0 |
|a Solar energy
|x Materials
|v Congresses.
|
| 650 |
|
0 |
|a Optical materials
|v Congresses.
|
| 650 |
|
0 |
|a Energy conservation
|v Congresses.
|
| 700 |
1 |
|
|a Lampert, Carl M.
|
| 710 |
2 |
|
|a Society of Photo-optical Instrumentation Engineers.
|
| 710 |
1 |
|
|a United States.
|b Department of Energy.
|b Office of Solar Heat Technologies.
|
| 830 |
|
0 |
|a Proceedings of SPIE--the International Society for Optical Engineering ;
|v v. 823.
|
| 999 |
|
|
|a MARS
|
| 999 |
f |
f |
|s c298f1c5-db96-392f-91c3-5eff6de48d9b
|i 6ab781e0-4616-302b-83b3-8bf09ca0a97b
|t 0
|
| 952 |
f |
f |
|p ric
|a Texas A&M University
|b Rellis Campus
|c Joint Library Facility
|d Remote Storage
|t 0
|e TJ812.7 .O685 1987
|h Library of Congress classification
|i unmediated -- volume
|m A14812584009
|
| 998 |
f |
f |
|a TJ812.7 .O685 1987
|t 0
|l Remote Storage
|